| 000 | 00857nam a2200277Ia 4500 | ||
|---|---|---|---|
| 005 | 20250425162629.0 | ||
| 008 | 250425s9999 xx 000 0 und d | ||
| 020 | _a9786071509482 | ||
| 041 | _aspa | ||
| 043 | _amx | ||
| 082 |
_a621.3815 _pALE |
||
| 100 | _aAlexander, Charles K. | ||
| 245 | 0 |
_aFundamentos de circuitos eléctricos _cCharles K. Alexander, Matthew N. O. Sadiku |
|
| 250 | _aQuinta ed. | ||
| 260 |
_aMéxico _bMcGraw-Hill _c2013 |
||
| 300 |
_a786 p. _bIlustrado _c27 cm |
||
| 500 | _aESPOL-TECH | ||
| 500 | _aIncluye tabla de contenido, bibliografía, índice | ||
| 650 | _aAmplificadores operacionales | ||
| 650 | _aCapacitores | ||
| 650 | _aCircuitos eléctricos | ||
| 700 |
_aCarlos Roberto Cordero Pedraza, Hugo Villagómez Velázquez _etraductores |
||
| 902 |
_aMonográfico _cImpreso |
||
| 942 | _c01 | ||
| 010 | _a91426 | ||
| 999 |
_c233204 _d233204 |
||